000
00319nam a22001217a 4500
040
_c
RUA
082
_a
ANN OUK 2017 A.126 Or.1
100
_a
OUK MAKARA, អ៊ុក ម៉ារាកា
245
_a
Annual Report 2017 A.126 Or.1
260
_a
PHNOM PENH
_b
RUA
_c
20217
300
_a
vi,
_b
ill,
_c
29cm,
942
_c
REC
999
_c
25179
_d
25179